000 00333nam a2200133Ia 4500
008 230818s1997 xx 000 0 und d
041 _aeng
100 _aTrueloves
245 _aTraining in Practice
260 _bBlack well pub.
_c1997
300 _a198p
520 _aHard Board | Reference Copy
999 _c854590
_d854590
650 _aMarketing Management